[Event "Geller Memorial op-A 1st"]
[Site "Odessa"]
[Date "2005.09.19"]
[Round "5"]
[White "Muzychuk, Anna"]
[Black "Pichugin, Alexandr"]
[Result "1/2-1/2"]
[WhiteElo "2364"]
[BlackElo "2385"]
[PlyCount "43"]
[EventDate "2005.09.15"]
[EventType "swiss"]
[EventRounds "9"]
[EventCountry "UKR"]
[SourceTitle "CBM 108 Extra"]
[Source "ChessBase"]
[SourceDate "2005.11.04"]
[SourceVersion "1"]
[SourceVersionDate "2005.11.04"]
[SourceQuality "1"]

1. e4 e6 2. d4 d5 3. exd5 exd5 4. Nf3 Nf6 5. Bd3 Be7 6. h3 0-0 7. 0-0 c5 8. dxc5 Bxc5 9. Nc3 h6 10. Bf4 Nc6 11. Qd2 Re8 12. Rfe1 Be6 13. a3 a6 14. Rad1 b5 15. Ne5 Rc8 16. Nxc6 Rxc6 17. Ne2 Nh5 18. Be3 Bxe3 19. Qxe3 Bf5 20. Qf3 Bxd3 21. cxd3 Qg5 22. Nc3 1/2-1/2

[Event "Geller Memorial op-A 1st"]
[Site "Odessa"]
[Date "2005.09.15"]
[Round "1"]
[White "Lodochnikov, Alexandr"]
[Black "Pichugin, Alexandr"]
[Result "0-1"]
[WhiteElo "1910"]
[BlackElo "2385"]
[PlyCount "68"]
[EventDate "2005.09.15"]
[EventType "swiss"]
[EventRounds "9"]
[EventCountry "UKR"]
[SourceTitle "CBM 108 Extra"]
[Source "ChessBase"]
[SourceDate "2005.11.04"]
[SourceVersion "1"]
[SourceVersionDate "2005.11.04"]
[SourceQuality "1"]

1. c4 Nf6 2. Nc3 c5 3. Nf3 Nc6 4. g3 d5 5. cxd5 Nxd5 6. Bg2 Nc7 7. 0-0 e5 8. d3 Be7 9. Bd2 0-0 10. Rc1 Be6 11. b3 f6 12. Ne4 b6 13. Bc3 Qd7 14. Qc2 Rac8 15. Qb2 Nb5 16. Bd2 Ncd4 17. Nxd4 Nxd4 18. Be3 a5 19. Nc3 f5 20. Bxd4 cxd4 21. Na4 Qd6 22. Rxc8 Rxc8 23. Rc1 Rc7 24. Qd2 b5 25. Nb2 Qb4 26. Qd1 Rxc1 27. Qxc1 Qc3 28. Qb1 Ba3 29. Nd1 Qe1+ 30. Bf1 f4 31. Kg2 Bh3+ 32. Kxh3 Qxf1+ 33. Kh4 Kf7 34. g4 Be7+ 0-1

[Event "UKR tt"]
[Site "Alushta"]
[Date "2003.??.??"]
[Round "2"]
[White "Pichugin, Alexandr"]
[Black "Andreev, Eduard"]
[Result "1/2-1/2"]
[WhiteElo "2400"]
[BlackElo "2471"]
[PlyCount "31"]
[EventDate "2003.??.??"]
[EventType "team"]
[EventRounds "7"]
[EventCountry "UKR"]
[SourceTitle "EXT 2005"]
[Source "ChessBase"]
[SourceDate "2004.11.15"]
[SourceVersion "1"]
[SourceVersionDate "2004.11.15"]
[SourceQuality "1"]

1. d4 Nf6 2. c4 e6 3. Nc3 Bb4 4. Qc2 0-0 5. a3 Bxc3+ 6. Qxc3 b6 7. Nf3 d6 8. g3 Bb7 9. Bg2 c5 10. 0-0 cxd4 11. Nxd4 Bxg2 12. Kxg2 Qc7 13. f3 a6 14. e4 Nbd7 15. Bg5 Rac8 16. Rac1 1/2-1/2

[Event "Polanica Zdroj op"]
[Site "Polanica Zdroj"]
[Date "2001.08.22"]
[Round "7"]
[White "Pichugin, Alexandr"]
[Black "Pakleza, Zbigniew"]
[Result "1/2-1/2"]
[WhiteElo "2416"]
[BlackElo "2220"]
[PlyCount "44"]
[EventDate "2001.08.16"]
[EventType "swiss"]
[EventRounds "10"]
[EventCountry "POL"]
[SourceTitle "EXT 2002"]
[Source "ChessBase"]
[SourceDate "2001.11.25"]
[SourceVersion "1"]
[SourceVersionDate "2001.11.25"]
[SourceQuality "1"]

1. d4 c5 2. d5 e6 3. c4 exd5 4. cxd5 d6 5. Nc3 g6 6. Nf3 Bg7 7. Bf4 Nf6 8. e3 0-0 9. h3 Na6 10. Be2 Nc7 11. a4 b6 12. e4 Re8 13. Nd2 Ba6 14. Bxa6 Nxa6 15. 0-0 Nb4 16. Bh2 Re7 17. Re1 Ne8 18. Nc4 a6 19. Bg3 Rb8 20. Qd2 b5 21. axb5 axb5 22. Na5 Qb6 1/2-1/2

[Event "Polanica Zdroj op"]
[Site "Polanica Zdroj"]
[Date "2001.08.19"]
[Round "4"]
[White "Jaracz, Barbara"]
[Black "Pichugin, Alexandr"]
[Result "1-0"]
[WhiteElo "2253"]
[BlackElo "2416"]
[PlyCount "89"]
[EventDate "2001.08.16"]
[EventType "swiss"]
[EventRounds "10"]
[EventCountry "POL"]
[SourceTitle "EXT 2002"]
[Source "ChessBase"]
[SourceDate "2001.11.25"]
[SourceVersion "1"]
[SourceVersionDate "2001.11.25"]
[SourceQuality "1"]

1. e4 e6 2. d4 d5 3. Nd2 c5 4. exd5 exd5 5. Ngf3 a6 6. dxc5 Bxc5 7. Nb3 Ba7 8. Bg5 Ne7 9. Qd2 Nbc6 10. 0-0-0 0-0 11. Bd3 Qd6 12. h3 Nb4 13. Kb1 Nxd3 14. Qxd3 f6 15. Be3 Bf5 16. Qd2 Rfc8 17. Nfd4 Be4 18. f3 Bg6 19. Ka1 Nc6 20. Nxc6 bxc6 21. Bxa7 Rxa7 22. h4 Bf7 23. h5 c5 24. h6 g6 25. c3 a5 26. Nc1 a4 27. Rhe1 Rb7 28. Ne2 Rcb8 29. Rb1 g5 30. f4 Bg6 31. fxg5 Bxb1 32. Rxb1 d4 33. cxd4 cxd4 34. gxf6 Qxf6 35. a3 Rb6 36. g4 d3 37. Nc3 Qd4 38. Nxa4 Rg6 39. Nc3 Rxg4 40. Rd1 Rd8 41. Na2 Kh8 42. Qh2 Rh4 43. Qd2 Rf4 44. Nc1 Qf6 45. Qc3 1-0

[Event "Polanica Zdroj op"]
[Site "Polanica Zdroj"]
[Date "2001.08.16"]
[Round "1"]
[White "Pichugin, Alexandr"]
[Black "Machaj, Bartosz"]
[Result "1-0"]
[WhiteElo "2416"]
[BlackElo "2153"]
[PlyCount "77"]
[EventDate "2001.08.16"]
[EventType "swiss"]
[EventRounds "10"]
[EventCountry "POL"]
[SourceTitle "EXT 2002"]
[Source "ChessBase"]
[SourceDate "2001.11.25"]
[SourceVersion "1"]
[SourceVersionDate "2001.11.25"]
[SourceQuality "1"]

1. d4 Nf6 2. c4 g6 3. Nc3 Bg7 4. Nf3 0-0 5. Bf4 d6 6. h3 Nbd7 7. e3 Re8 8. Be2 e6 9. 0-0 Qe7 10. Bh2 e5 11. Nb5 e4 12. Nd2 Nf8 13. c5 Rd8 14. cxd6 cxd6 15. Rc1 Ne8 16. Qb3 a6 17. Nc3 Nf6 18. Qa3 Ne6 19. Nc4 Bf8 20. Nb6 Rb8 21. Qa5 Bd7 22. Bg3 h6 23. Bh4 Ng5 24. Bxg5 hxg5 25. Qxg5 Bc6 26. f4 exf3 27. Bxf3 Nd7 28. Qxe7 Bxe7 29. Ncd5 Bg5 30. Kf2 Nxb6 31. Nxb6 Bxf3 32. Kxf3 Re8 33. Rc3 Kg7 34. g3 Bf6 35. Nd5 Rbc8 36. Rfc1 Rxc3 37. Rxc3 Bg5 38. h4 Bf6 39. Rc7 1-0

[Event "Swidnica op-A"]
[Site "Swidnica"]
[Date "2000.??.??"]
[Round "2"]
[White "Pichugin, Alexandr"]
[Black "Antoniewski, Rafal"]
[Result "1/2-1/2"]
[WhiteElo "2320"]
[BlackElo "2440"]
[PlyCount "128"]
[EventDate "2000.07.??"]
[EventType "swiss"]
[EventRounds "10"]
[EventCountry "POL"]
[SourceTitle "EXT 2003"]
[Source "ChessBase"]
[SourceDate "2002.11.25"]
[SourceVersion "1"]
[SourceVersionDate "2002.11.25"]
[SourceQuality "1"]

1. d4 Nf6 2. c4 g6 3. Nc3 Bg7 4. Nf3 d6 5. h3 0-0 6. Bf4 Nbd7 7. e3 Qe8 8. Be2 e5 9. Bh2 Qe7 10. 0-0 Re8 11. Nb5 e4 12. Nd2 Qd8 13. b4 a6 14. Nc3 b6 15. Qc2 Bb7 16. a4 Qe7 17. a5 c5 18. bxc5 bxc5 19. Rab1 cxd4 20. Rxb7 dxc3 21. Nb1 Qe6 22. Nxc3 Nc5 23. Rb6 Red8 24. Rd1 Ne8 25. Nd5 Be5 26. Qd2 Bxh2+ 27. Kxh2 Qe5+ 28. g3 Nf6 29. Nxf6+ Qxf6 30. Kg2 h5 31. Qd5 Rac8 32. Rxd6 Rxd6 33. Qxd6 Qxd6 34. Rxd6 Kg7 35. h4 Rc7 36. Rb6 Kf8 37. f3 exf3+ 38. Bxf3 Re7 39. Rc6 Nd3 40. Rxa6 Ne1+ 41. Kf2 Nxf3 42. Kxf3 Rc7 43. Rb6 Rxc4 44. a6 Ra4 45. e4 Ra3+ 46. Kf4 Kg7 47. g4 hxg4 48. Kxg4 Ra4 49. Kf4 Ra5 50. Rc6 Kh6 51. Rd6 Kg7 52. Ke3 Ra4 53. Rc6 Kh6 54. Rf6 Kg7 55. Rd6 Kh6 56. e5 Kh5 57. Rf6 Ra3+ 58. Kd4 Kxh4 59. Kc5 Ra5+ 60. Kb6 Rxe5 61. a7 Re8 62. Rxf7 g5 63. Rb7 Ra8 64. Rb8 Rxa7 1/2-1/2

[Event "Swidnica op-A"]
[Site "Swidnica"]
[Date "2000.??.??"]
[Round "8"]
[White "Pichugin, Alexandr"]
[Black "Voloshin, Leonid"]
[Result "1-0"]
[WhiteElo "2320"]
[BlackElo "2430"]
[PlyCount "95"]
[EventDate "2000.07.??"]
[EventType "swiss"]
[EventRounds "10"]
[EventCountry "POL"]
[SourceTitle "EXT 2003"]
[Source "ChessBase"]
[SourceDate "2002.11.25"]
[SourceVersion "1"]
[SourceVersionDate "2002.11.25"]
[SourceQuality "1"]

1. d4 Nf6 2. c4 g6 3. Nc3 d5 4. Nf3 Bg7 5. Bf4 0-0 6. e3 c6 7. Bd3 dxc4 8. Bxc4 b5 9. Bb3 Nbd7 10. 0-0 Qb6 11. Rc1 Bb7 12. e4 c5 13. e5 Ng4 14. Nd5 Bxd5 15. Bxd5 Rad8 16. Ng5 Ngxe5 17. dxe5 Nxe5 18. Bxe5 Bxe5 19. Qf3 e6 20. Qh3 h5 21. Bxe6 fxe6 22. Nxe6 Bxb2 23. Rb1 Bd4 24. Nxd8 Qxd8 25. Qb3+ c4 26. Qxb5 c3 27. Rbd1 Bxf2+ 28. Kh1 Qf6 29. Rd3 Qe7 30. Qc4+ Kh7 31. Rxc3 Bb6 32. Rxf8 Qxf8 33. Rf3 Qd6 34. Qf7+ Kh6 35. Qf8+ Qxf8 36. Rxf8 Kg5 37. g3 h4 38. Kg2 hxg3 39. hxg3 Kg4 40. a4 Bc7 41. Rf7 Bb6 42. Rf4+ Kg5 43. Kf3 Bc7 44. Rf7 Bb6 45. Re7 Bg1 46. Rd7 Bb6 47. a5 Bg1 48. Rd1 1-0

[Event "Swidnica op-A"]
[Site "Swidnica"]
[Date "2000.??.??"]
[Round "9"]
[White "Vysochin, Spartak"]
[Black "Pichugin, Alexandr"]
[Result "1-0"]
[WhiteElo "2490"]
[BlackElo "2320"]
[PlyCount "124"]
[EventDate "2000.07.??"]
[EventType "swiss"]
[EventRounds "10"]
[EventCountry "POL"]
[SourceTitle "EXT 2003"]
[Source "ChessBase"]
[SourceDate "2002.11.25"]
[SourceVersion "1"]
[SourceVersionDate "2002.11.25"]
[SourceQuality "1"]

1. e4 e6 2. d4 d5 3. Nd2 a6 4. Bd3 c5 5. dxc5 Bxc5 6. Ngf3 Ne7 7. 0-0 Nbc6 8. e5 Ng6 9. Nb3 Bb6 10. Re1 Bc7 11. Bg5 Nce7 12. Nbd4 h6 13. Bxe7 Qxe7 14. g3 Bd7 15. c3 b5 16. Qc2 Nf8 17. Qe2 Ng6 18. Qc2 Nf8 19. h4 g5 20. hxg5 hxg5 21. Nh2 Bc8 22. Ng4 Nd7 23. Kg2 Bb7 24. Qe2 Bb6 25. Rh1 0-0-0 26. a4 Rxh1 27. Rxh1 bxa4 28. Bxa6 Bxd4 29. cxd4 Qb4 30. Rc1+ Kb8 31. Bxb7 Kxb7 32. Qc2 Qc4 33. Qd2 Qb5 34. Nh6 Rf8 35. Qc2 Qc4 36. Qxc4 dxc4 37. Rxc4 Nb6 38. Rc3 f6 39. exf6 Rxf6 40. Ng4 Rf8 41. Ne3 Rd8 42. Nc2 Ra8 43. Nb4 Rd8 44. Nc2 Nd5 45. Ra3 Rc8 46. Ne3 Nb6 47. Kf3 Rc1 48. Kg4 Rb1 49. Ra2 Kc6 50. Kxg5 Kb5 51. Kf6 Kb4 52. Kxe6 Kb3 53. Ra3+ Kxb2 54. Rd3 a3 55. Nd1+ Kc2 56. Rxa3 Rxd1 57. g4 Rxd4 58. g5 Re4+ 59. Kf5 Re8 60. g6 Nc4 61. Ra6 Re5+ 62. Kf6 Re4 1-0

[Event "Polanica Zdroj op"]
[Site "Polanica Zdroj"]
[Date "1998.??.??"]
[Round "?"]
[White "Miroshnichenko, Evgenij"]
[Black "Pichugin, Alexandr"]
[Result "0-1"]
[WhiteElo "2440"]
[BlackElo "2280"]
[PlyCount "78"]
[EventDate "1998.??.??"]
[EventType "swiss"]
[EventRounds "10"]
[EventCountry "POL"]
[SourceTitle "EXT 2003"]
[Source "ChessBase"]
[SourceDate "2002.11.25"]
[SourceVersion "1"]
[SourceVersionDate "2002.11.25"]
[SourceQuality "1"]

1. e4 e6 2. d3 d5 3. Nd2 Nf6 4. Ngf3 Nc6 5. g3 dxe4 6. dxe4 Bc5 7. Bb5 0-0 8. Qe2 e5 9. Bxc6 bxc6 10. Nxe5 Re8 11. Nd3 Bb6 12. f3 Ba6 13. Kf1 Nd5 14. Nb1 Nb4 15. Kg2 Nxd3 16. cxd3 Bxd3 17. Qd1 Qd4 18. Rf1 Rad8 19. Nc3 Bxf1+ 20. Qxf1 Ba5 21. Ne2 Qd3 22. Bf4 f5 23. e5 Bd2 24. Rd1 Qc2 25. Rxd2 Rxd2 26. Bxd2 Qxd2 27. f4 Rd8 28. Kh3 Qxb2 29. Ng1 Qb5 30. Qf2 h6 31. Kh4 Qb6 32. Qf1 Qd4 33. Nf3 Qd3 34. Qf2 Qd1 35. h3 Rd3 36. Ng1 g5+ 37. fxg5 Rd4+ 38. g4 Rxg4+ 39. Kh5 Rxg5+ 0-1

[Event "Polanica Zdroj op"]
[Site "Polanica Zdroj"]
[Date "1998.??.??"]
[Round "?"]
[White "Shcherbakov, Ruslan"]
[Black "Pichugin, Alexandr"]
[Result "1-0"]
[WhiteElo "2550"]
[BlackElo "2280"]
[PlyCount "125"]
[EventDate "1998.??.??"]
[EventType "swiss"]
[EventRounds "10"]
[EventCountry "POL"]
[SourceTitle "EXT 2003"]
[Source "ChessBase"]
[SourceDate "2002.11.25"]
[SourceVersion "1"]
[SourceVersionDate "2002.11.25"]
[SourceQuality "1"]

1. d4 Nf6 2. c4 c5 3. d5 b5 4. cxb5 a6 5. bxa6 g6 6. Nc3 Bxa6 7. e4 Bxf1 8. Kxf1 d6 9. Nf3 Nbd7 10. h3 Bg7 11. Kg1 0-0 12. Kh2 Ra7 13. Re1 Qa8 14. Re2 Rb8 15. Rc2 Nb6 16. Qe2 Na4 17. Nd1 Rb4 18. Nd2 Ne8 19. Rb1 Rb8 20. b3 Nb6 21. Nf3 Nc7 22. Ne3 Nd7 23. Nc4 Nb6 24. Ne3 Nd7 25. Nc4 Nb6 26. Nxb6 Rxb6 27. Bg5 Nb5 28. Rbc1 Nd4 29. Nxd4 Bxd4 30. Rd1 Rba6 31. Rdd2 Qb7 32. Bh6 Rb6 33. f4 Ra8 34. Qf3 Qd7 35. Re2 Rd8 36. Rc4 Qb7 37. Rec2 Qd7 38. Rd2 Qb7 39. Rd3 Ra6 40. Rc2 Rda8 41. Rdd2 Rb6 42. Re2 Rd8 43. Bg5 Ra6 44. Bh4 Kg7 45. Kh1 Ra7 46. Be1 h6 47. Bc3 Bxc3 48. Qxc3+ Kg8 49. f5 g5 50. Qf3 Qb4 51. Rc4 Qb5 52. Qh5 Kg7 53. h4 Rh8 54. Kg1 gxh4 55. Qxh4 Qd7 56. Rc3 Qb5 57. Rf2 f6 58. Rg3+ Kf8 59. e5 dxe5 60. d6 Qd7 61. Rd2 Ra6 62. dxe7+ Qxe7 63. Rgd3 1-0